000 00882cam a2200229 4500
001 ABS65988
008 020925n2002 000 0 eng u
035 _a(Sirsi) u119835
100 _aBennison, D.J.
245 _aNew strategies needed to reflect changing town centre activities
260 _c2002
490 _aUrban Environment Today
_v(153) 8 August 2002, 6-7(2)
520 _aArgues that the evolution of town centres has declined in retail activity in the last 20 years, whilst leisure has become more prominent. Discusses extent of this trend in centres around Manchester, and how the small retail and service business enterprises can respond. Graph. Chart.
590 _aABS
650 _aLEISURE DEVELOPMENT
650 _aRETAIL DEVELOPMENT
650 _aTOWN CENTRES
650 _aMANCHESTER
690 _aREGENERATION
700 _aJones, S
942 _n0
999 _c71217
_d71217